| 000 | 00328nam a22001337a 4500 | ||
|---|---|---|---|
| 003 | OSt | ||
| 005 | 20260316113519.0 | ||
| 008 | 260316b |||||||| |||| 00| 0 eng d | ||
| 040 | _c | ||
| 082 |
_a621.3 _bSIN |
||
| 245 |
_aBasic Electrical Engineering _cRavish R Singh |
||
| 260 |
_bS.Chand _c2023 |
||
| 942 |
_2ddc _cBK _k621.3 _mSIN _n0 |
||
| 999 |
_c36331 _d36331 |
||